Nazwa państwa w ojczystym języku (Europa) - Statystyki

Ogólne statystyki
  • Ten quiz został rozwiązany 21 razy
  • Średni wynik to 24 z 61
Statystyki odpowiedzi
Hint Odpowiedź % Poprawnych
Polska polski Polska
94%
Andora kataloński Andorra
78%
Niemcy niemiecki Deutschland
78%
Francja francuski France
72%
Luksemburg francuski Luxembourg
72%
Luksemburg niemiecki Luxemburg
72%
Wielka Brytania angielski United Kingdom
72%
Irlandia angielski Ireland
67%
Włochy włoski Italia
67%
Malta angielski Malta
67%
Malta maltański Malta
67%
Austria niemiecki Osterreich
67%
San Marino włoski San Marino
67%
Hiszpania hiszpański Espana
61%
Liechtenstein niemiecki Liechtenstein
61%
Mołdawia rumuński Moldova
61%
Portugalia portugalski Portugal
61%
Monako francuski Monaco
56%
Rumunia rumuński Romania
56%
Turcja turecki Turkiye
56%
Belgia niderlandzki Belgie
50%
Belgia francuski Belgique
50%
Chorwacja chorwacki Hrvatska
50%
Holandia niderlandzki Nederland
50%
Słowacja słowacki Slovensko
50%
Finlandia Fiński Suomi
50%
Czechy czeski Cesko
44%
Szwajcaria niemiecki Schweiz
44%
Irlandia irlandzki Eire
39%
Islandia islandzki Island
39%
Litwa litewski Lietuva
39%
Węgry węgierski Magyarorszag
39%
Norwegia norweski Norge
39%
Albania albański Shqiperia
39%
Belgia niemiecki Belgien
33%
Estonia estoński Eesti
33%
Finlandia Szwedzki Finland
33%
Słowenia słoweński Slovenija
33%
Szwecja szwedzki Sverige
33%
Dania duński Danmark
28%
Łotwa łotewski Latvija
28%
Szwajcaria francuski Suisse
28%
Białoruś białoruski Беларусь
22%
Rosja rosyjski Россия
22%
Watykan włoski Citta del Vaticano
22%
Kazachstan rosyjski Казахстан
17%
Ukraina ukraiński Україна
11%
Luksemburg luksemburski Letzebuerg
11%
Szwajcaria włoski Svizzera
11%
Czarnogóra czarnogórski Црна Гора
6%
Grecja grecki Ελλάδα
6%
Macedonia Północna macedoński Северна Македонија
6%
Serbia serbski Србија
6%
Bośnia i Hercegowina bośniacki Bosna i Hercegovina
6%
Bośnia i Hercegowina chorwacki Bosna i Hercegovina
6%
Białoruś rosyjski Белоруссия
0%
Bośnia i Hercegowina serbski Босна и Херцеговина
0%
Bułgaria bułgarski България
0%
Kazachstan kazachski Қазақстан
0%
Watykan łacina Civitas Vaticana
0%
Szwajcaria retroromański Svizra
0%
Nie znaleziono quizów pasujących do podanych kryteriów
Rozkład punktacji
Procent ludzi z każdym wynikiem
Percentyl według liczby udzielonych odpowiedzi
Twoja historia wyników
Nie rozwiązałeś tego quizu